| 000 | 00438nam a2200157Ia 4500 | ||
|---|---|---|---|
| 008 | 231221s9999 xx 000 0 und d | ||
| 020 | _a8127221244 | ||
| 041 | _aEnglish | ||
| 082 | _a651.4 VAR;11 | ||
| 100 | _aVarinder Kumar. | ||
| 245 | 0 | _aBusiness communication : BBM 3rd semester students of bangalore university | |
| 260 |
_c2005 _bKalyani _aLudhiyana |
||
| 300 | _a9.14 | ||
| 650 | _aBusiness,communication,BBM | ||
| 942 | _cBM | ||
| 999 |
_c215349 _d215349 |
||